Railway construction / (Record no. 6968)
[ view plain ]
| 000 -LEADER | |
|---|---|
| fixed length control field | 00738nam a2200289K 4500 |
| 001 - CONTROL NUMBER | |
| JCCL Control Number | 6968 |
| 003 - CONTROL NUMBER IDENTIFIER | |
| JCCL marc code | BD-JhCC |
| 005 - DATE AND TIME OF LATEST TRANSACTION | |
| control field | 20180203111632.0 |
| 008 - FIXED-LENGTH DATA ELEMENTS--GENERAL INFORMATION | |
| fixed length control field | 040917nuuuuuuuuru eng d |
| 035 ## - SYSTEM CONTROL NUMBER | |
| system control number | (BD-JhCC) |
| 035 ## - SYSTEM CONTROL NUMBER | |
| system control number | (UtOrBLW)bslw00836402 |
| 040 ## - CATALOGING SOURCE | |
| Original cataloging agency | UtOrBLW |
| Transcribing agency | CUD |
| Modifying agency | UtOrBLW |
| -- | UtOrBLW |
| 041 1# - LANGUAGE CODE | |
| Language code of Book | eng |
| Language code of original and/or intermediate translations of text | rus |
| 082 ## - DEWEY DECIMAL CLASSIFICATION NUMBER | |
| Classification number | 625.1 |
| Author mark and Year | SHA |
| 100 1# - MAIN ENTRY--PERSONAL NAME | |
| Personal name | Shadrin, N. A. |
| 245 10 - TITLE STATEMENT | |
| Title | Railway construction / |
| Statement of responsibility, etc | [by] N. Shadrin ... et al. |
| 260 ## - PUBLICATION, DISTRIBUTION, ETC. (IMPRINT) | |
| Place of publication, distribution, etc | Moscow. |
| 300 ## - PHYSICAL DESCRIPTION | |
| Pagination | 333p. : |
| Dimensions | 27 cm. |
| Other physical details | ill. ; |
| 650 ## - SUBJECT ADDED ENTRY--TOPICAL TERM | |
| Topical term or geographic name as entry element | Railroads |
| 700 1# - ADDED ENTRY--PERSONAL NAME | |
| Personal name | Perelman, L. |
| 700 1# - ADDED ENTRY--PERSONAL NAME | |
| Personal name | Repryev, A. |
| 700 1# - ADDED ENTRY--PERSONAL NAME | |
| Personal name | Leib, G. |
| 700 1# - ADDED ENTRY--PERSONAL NAME | |
| Personal name | Weinstein, N. |
| 942 ## - ADDED ENTRY ELEMENTS (KOHA) | |
| Source of classification or shelving scheme | Dewey Decimal Classification |
| Koha item type | Books |
| 947 ## - LOCAL PROCESSING INFORMATION (OCLC) | |
| a | Original entry record. |
| z | keyed |
| 947 ## - LOCAL PROCESSING INFORMATION (OCLC) | |
| a | lacks |
| b | 6xx |
| z | 600 |
| Source of classification or shelving scheme | Damaged status | Not for loan | Home library | Current library | Shelving location | Date of accession | Total Checkouts | Full call number | Barcode | Date last seen | Copy number | Koha item type |
|---|---|---|---|---|---|---|---|---|---|---|---|---|
| Dewey Decimal Classification | JCC Rouf Library | JCC Rouf Library | General Stacks | 02/03/2018 | 625.1 SHA | 9433 | 02/03/2018 | C-1 | Books |